00654cam a22002171 450000100060000000300080000600500170001400800410003103500140007204000330008604100080011904200120012708200270013910000230016624500900018926000480027930000350032750400290036265000230039170000220041476590BD-RjUL20211209082849.0191223s1963 nyua b 000 0 eng  a(BD-RjUL) aDLCcOYUdNcRSdUkdDLCbeng aeng apremarc a658.9661223bADM 19631 aAllen, Cornelius B10aAdministration of the chemical enterprise /cAuthors: Cornelius B. Allen [and others] aNew York :bInterscience Publishers,c1963. ax, 414 p. :bdiagrs. ;c24 cm. aIncludes bibliographies. 0aChemical industry.1 aBerenson, Conrad.